| 000 | 00381nam a22001337a 4500 | ||
|---|---|---|---|
| 999 |
_c12386 _d12386 |
||
| 008 | 230509b 2020 ||||| |||| 00| 0 eng d | ||
| 020 | _a9780367139179 | ||
| 082 |
_a343.096 _bSOY |
||
| 100 | _aSoyer, Baris | ||
| 245 | _aNew Technologies, Artificial Intelligence and Shipping Law in the 21st Century | ||
| 260 |
_aLondon _bRoutledge _c2020 |
||
| 300 | _axxv, 198p. | ||
| 942 | _cBK | ||